A theory of property (Record no. 1327)

000 -LEADER
fixed length control field 00544nam a22001937a 4500
003 - CONTROL NUMBER IDENTIFIER
control field OSt
005 - DATE AND TIME OF LATEST TRANSACTION
control field 20140513151316.0
008 - FIXED-LENGTH DATA ELEMENTS--GENERAL INFORMATION
fixed length control field 140513b xxu||||| |||| 00| 0 eng d
020 ## - INTERNATIONAL STANDARD BOOK NUMBER
International Standard Book Number 9780521378864
050 ## - LIBRARY OF CONGRESS CALL NUMBER
Classification number K720 .M84 1990
100 ## - MAIN ENTRY--PERSONAL NAME
Personal name Munzer, Stephen R.
245 ## - TITLE STATEMENT
Title A theory of property
Statement of responsibility, etc Stephen R. Munzer.
260 ## - PUBLICATION, DISTRIBUTION, ETC. (IMPRINT)
Place of publication, distribution, etc New York
Name of publisher, distributor, etc Cambridge University Press
Date of publication, distribution, etc 1990
300 ## - PHYSICAL DESCRIPTION
Extent x, 491 p.
504 ## - BIBLIOGRAPHY, ETC. NOTE
Bibliography, etc Includes bibliographical references and index.
650 ## - SUBJECT ADDED ENTRY--TOPICAL TERM
Topical term or geographic name as entry element Right of property.
650 ## - SUBJECT ADDED ENTRY--TOPICAL TERM
Topical term or geographic name as entry element Property.
942 ## - ADDED ENTRY ELEMENTS (KOHA)
Source of classification or shelving scheme
Koha item type Book
Holdings
Withdrawn status Lost status Source of classification or shelving scheme Damaged status Not for loan Home library Current library Shelving location Date acquired Total Checkouts Total Renewals Full call number Barcode Checked out Date last seen Date checked out Copy number Price effective from Koha item type
          Riara University Library Riara University Library General stack 13/05/2014 30 4 K720 .M84 1990 4761/14 19/07/2025 03/07/2025 03/07/2025 C.1 13/05/2014 Book
          Riara University Library Riara University Library General stack 13/05/2014 24 3 K720 .M84 1990 4762/14   20/02/2023 16/02/2023 C.2 13/05/2014 Book
          Riara University Library Riara University Library General stack 13/05/2014 24 7 K720 .M84 1990 4763/14 01/11/2018 16/10/2018 16/10/2018 C.3 13/05/2014 Book

Riara University Library,
P.O. Box 49940-00100,
Nairobi, Kenya.